| 000 -LEADER |
| fixed length control field |
01181nam a22002417a 4500 |
| 001 - CONTROL NUMBER |
| control field |
8236 |
| 003 - CONTROL NUMBER IDENTIFIER |
| control field |
BD-DhUAP |
| 005 - DATE AND TIME OF LATEST TRANSACTION |
| control field |
20210128124933.0 |
| 008 - FIXED-LENGTH DATA ELEMENTS--GENERAL INFORMATION |
| fixed length control field |
200220r20091982bg ||||| |||| 001 0 eng d |
| 020 ## - INTERNATIONAL STANDARD BOOK NUMBER |
| International Standard Book Number |
9843208528 |
| 040 ## - CATALOGING SOURCE |
| Original cataloging agency |
BD-DhUAP |
| Language of cataloging |
Bangla |
| Transcribing agency |
BD-DhUAP |
| Modifying agency |
BD-DhUAP |
| 082 ## - DEWEY DECIMAL CLASSIFICATION NUMBER |
| Edition number |
23 |
| Classification number |
954.9205 BAN |
| 245 ## - TITLE STATEMENT |
| Title |
বাংলাদেশের স্বাধীনতা যুদ্ধ : |
| Remainder of title |
দলিলপত্র। |
| 260 ## - PUBLICATION, DISTRIBUTION, ETC. |
| Place of publication, distribution, etc. |
ঢাকা : |
| Name of publisher, distributor, etc. |
মুক্তিযুদ্ধ বিষয়ক মন্ত্রণালায়, |
| Date of publication, distribution, etc. |
c১৯৮২ [মুদ্রণ ২০০৪]। |
| 300 ## - PHYSICAL DESCRIPTION |
| Extent |
খণ্ড ; |
| Dimensions |
২৪ সেমি.। |
| 500 ## - GENERAL NOTE |
| General note |
নির্ঘণ্ট সম্বলিত। |
| 501 ## - WITH NOTE |
| With note |
|
| 504 ## - BIBLIOGRAPHY, ETC. NOTE |
| Bibliography, etc. note |
|
| 505 ## - FORMATTED CONTENTS NOTE |
| Formatted contents note |
খণ্ড ৮- গণহত্যা, শরণার্থী শিবির ও প্রাসঙ্গিক ঘটনা। |
| 651 ## - SUBJECT ADDED ENTRY--GEOGRAPHIC NAME |
| Geographic name |
Bangladesh |
| Form subdivision |
Revolution (Bangladesh : 1971) |
| General subdivision |
Documents. |
| 710 ## - ADDED ENTRY--CORPORATE NAME |
| Corporate name or jurisdiction name as entry element |
গণপ্রজাতন্ত্রী বাংলাদেশ সরকার, মুক্তিযুদ্ধ বিষয়ক মন্ত্রণালায়। |
| 942 ## - ADDED ENTRY ELEMENTS (KOHA) |
| Source of classification or shelving scheme |
|
| Koha item type |
Reference |